Το κοινωνικό κεφάλαιο ως μέσω κοινωνικής αλληλεγγύης και προστασίας του φυσικού και δομημένου περιβάλλοντος στις πυρόπληκτες περιοχές της Ηλείας : πτυχιακή εργασία
Αποθηκεύτηκε σε:
| Κύριος συγγραφέας: | |
|---|---|
| Συγγραφή απο Οργανισμό/Αρχή: | |
| Άλλοι συγγραφείς: | |
| Μορφή: | Thesis Βιβλίο |
| Γλώσσα: | Greek |
| Δημοσίευση: |
[2010]
|
| Θέματα: | |
| Διαθέσιμο Online: | http://hdl.handle.net/11610/7649 |
| Ετικέτες: |
Προσθήκη ετικέτας
Δεν υπάρχουν, Καταχωρήστε ετικέτα πρώτοι!
|
MARC
| LEADER | 00000cam a2200000 i 4500 | ||
|---|---|---|---|
| 001 | 1/8725 | ||
| 008 | 100628s2010 gre d | ||
| 035 | |l 10108369 | ||
| 040 | |a GR-MY-UA |b gre |e aacr | ||
| 041 | 0 | |a gre | |
| 082 | 0 | |a 333.7 |2 (22) | |
| 100 | 1 | |a Καραθανάση, Δήμητρα. | |
| 245 | 1 | 3 | |a Το κοινωνικό κεφάλαιο ως μέσω κοινωνικής αλληλεγγύης και προστασίας του φυσικού και δομημένου περιβάλλοντος στις πυρόπληκτες περιοχές της Ηλείας : |b πτυχιακή εργασία / |c επιμέλεια: Καραθανάση Δήμητρα ; υπεύθυνος καθηγητής: Χτούρης Σωτήρης |
| 260 | |c [2010] | ||
| 300 | |a 131 σ.; |c 30 εκ. | ||
| 500 | |a Βιβλιογραφία: σ. 116-122 | ||
| 502 | |a Πτυχιακή εργασία – Πανεπιστήμιο Αιγαίου, Λέσβος, 2010. | ||
| 650 | 0 | 0 | |a Social capital (Sociology) |
| 650 | 0 | 0 | |a Environmental protection |x Citizen participation. |
| 650 | 0 | 0 | |a Environmental protection |x Public opinion. |
| 650 | 0 | 0 | |a Environmental protection |x Social aspects. |
| 650 | 0 | 0 | |a Dissertations, Academic |z Greece. |
| 650 | 0 | |a Forest fires |z Greece |z Eleia. | |
| 700 | 1 | |a Χτούρης, Σωτήρης Ν. |4 ths | |
| 710 | 2 | |a Πανεπιστήμιο Αιγαίου |b Σχολή Κοινωνικών Επιστημών |b Τμήμα Κοινωνιολογίας. | |
| 852 | |a INST |b LESVOS |c DIATR |e 20100628 |h 377 |p 005100048290 |q 005100048290 |t DIE |y 23 | ||
| 852 | |a INST |b LESVOS |c DIATR |e 20100628 |h 378 |p 005100048291 |q 005100048291 |t DIE |y 23 | ||
| 856 | |u http://hdl.handle.net/11610/7649 | ||
| 901 | |a BIBL1-2010-2 | ||
| 909 | |a Λ |b 164920 | ||
| 909 | |a Λ |b 164921 | ||
| 924 | |a ΚΑΡΑΘΑΝΑΣΗ |b ΔΗΜΗΤΡΑ |y ΛΕΣΒΟΣ |z 2010-05 | ||
| 970 | |a ΤΖΑΦΕΡΗ |b ΕΥΑΓΓΕΛΙΑ |z 2010/06/28 | ||